IBM PC для пользователя

Библиографические подробности
Главный автор: Фигурнов В. Э. Виктор Эвальдович
Примечания:Исключено из фонда НТБ ТПУ
Язык:русский
Опубликовано: 1994
Издание:5-е изд., испр. и доп.
Формат: Книга
Запись в KOHA:https://koha.lib.tpu.ru/cgi-bin/koha/opac-detail.pl?biblionumber=28645

MARC

LEADER 00000nam0a2200000 4500
001 28645
005 20231030202923.0
010 |a 587672002X 
035 |a (RuTPU)RU\TPU\book\28902 
035 |a BOOK00000627 
090 |a 28645 
100 |a 20011209d1994 m y0rusy50 ca 
101 0 |a rus 
102 |a RU 
105 |a а j 001zy 
200 1 |a IBM PC для пользователя  |f В. Э. Фигурнов 
205 |a 5-е изд., испр. и доп. 
210 |d 1994 
215 |a 352 с.  |c ил. 
333 |a Исключено из фонда НТБ ТПУ 
700 1 |a Фигурнов  |b В. Э.  |g Виктор Эвальдович 
801 0 |a RU  |b 63413507  |c 20011209  |g PSBO 
801 2 |a RU  |b 63413507  |c 20211015  |g PSBO 
942 |c BK